Library of the University of Algiers 3
Ibrahim Sultan Cheibout
شعار جامعة الجزائر 3
مكتبة جامعة الجزائر 3
إبراهيم سلطان شيبوط

تأثير الذكاء التنافسي في تحديد الخيار الإستراتيجي على مستوى وحدة الأعمال : (رقم التسجيلة. 44272)

تفاصيل مارك
000 -LEADER
fixed length control field 01214nam a2200253Ia 4500
003 - CONTROL NUMBER IDENTIFIER
control field Ost
005 - DATE AND TIME OF LATEST TRANSACTION
control field 20260507075401.0
008 - FIXED-LENGTH DATA ELEMENTS--GENERAL INFORMATION
fixed length control field 260507s9999||||xx |||||||||||||| ||und||
020 ## - INTERNATIONAL STANDARD BOOK NUMBER
International Standard Book Number 8583299579
040 ## - CATALOGING SOURCE
Transcribing agency fsecg
041 ## - LANGUAGE CODE
Language code of text/sound track or separate title ara
082 ## - DEWEY DECIMAL CLASSIFICATION NUMBER
Classification number 330
100 ## - MAIN ENTRY--PERSONAL NAME
Personal name المعاضيدي، معن وعد الله
Relator term مؤلف
245 #0 - TITLE STATEMENT
Title تأثير الذكاء التنافسي في تحديد الخيار الإستراتيجي على مستوى وحدة الأعمال :
Remainder of title دراسة حالة في شركة الاتصالات النقالة /
Statement of responsibility, etc. معن وعد الله المعاضيدي
260 ## - PUBLICATION, DISTRIBUTION, ETC.
Place of publication, distribution, etc. عمان:
Name of publisher, distributor, etc. دار الحامد,
Date of publication, distribution, etc. 2015
300 ## - PHYSICAL DESCRIPTION
Extent 204 صفحة؛
Other physical details إيضاحات ؛
Dimensions 25 سم
504 ## - BIBLIOGRAPHY, ETC. NOTE
Bibliography, etc. note الملاحق ص.193
520 ## - SUMMARY, ETC.
Summary, etc. يضم الدراسات ذات العلاقة مع الذكاء التنافسي ومنهجية الدراسة، الذكاء التنافسي، السلوك و الخيار الاستراتيجي، عرض وتحليل نتائج دراسة الحالة
653 ## - INDEX TERM--UNCONTROLLED
Uncontrolled term إدارة الأعمال
653 ## - INDEX TERM--UNCONTROLLED
Uncontrolled term الذكاء
653 ## - INDEX TERM--UNCONTROLLED
Uncontrolled term المنافسة
700 ## - ADDED ENTRY--PERSONAL NAME
Personal name محمد، سليمان وزيرة يحي
Relator term مؤلف ثانوي
942 ## - ADDED ENTRY ELEMENTS (KOHA)
Koha item type كتب
المقتنيات
Withdrawn status Lost status Damaged status Not for loan Home library Current library Date acquired Serial enumeration / chronology Inventory number Total checkouts Full call number Barcode Date last seen Price effective from Koha item type Source of classification or shelving scheme
      Available مكتبة كلية العلوم الإقتصادية والعلوم التجارية وعلوم التسيير مكتبة كلية العلوم الإقتصادية والعلوم التجارية وعلوم التسيير 07/05/2026 مكتبة بن عكنون 25729   أ/4332ن10 25729 07/05/2026 07/05/2026 كتب  
      Available مكتبة كلية العلوم الإقتصادية والعلوم التجارية وعلوم التسيير مكتبة كلية العلوم الإقتصادية والعلوم التجارية وعلوم التسيير 07/05/2026 الطابق الأرضي 25721   أ/4332ن2 25721 07/05/2026 07/05/2026 كتب Dewey Decimal Classification
      Available مكتبة كلية العلوم الإقتصادية والعلوم التجارية وعلوم التسيير مكتبة كلية العلوم الإقتصادية والعلوم التجارية وعلوم التسيير 07/05/2026 الطابق الأرضي 25722   أ/4332ن3 25722 07/05/2026 07/05/2026 كتب Dewey Decimal Classification
      Available مكتبة كلية العلوم الإقتصادية والعلوم التجارية وعلوم التسيير مكتبة كلية العلوم الإقتصادية والعلوم التجارية وعلوم التسيير 07/05/2026 الطابق الأرضي 25723   أ/4332ن4 25723 07/05/2026 07/05/2026 كتب Dewey Decimal Classification
      Available مكتبة كلية العلوم الإقتصادية والعلوم التجارية وعلوم التسيير مكتبة كلية العلوم الإقتصادية والعلوم التجارية وعلوم التسيير 07/05/2026 الطابق الأرضي 25724   أ/4332ن5 25724 07/05/2026 07/05/2026 كتب Dewey Decimal Classification
      Available مكتبة كلية العلوم الإقتصادية والعلوم التجارية وعلوم التسيير مكتبة كلية العلوم الإقتصادية والعلوم التجارية وعلوم التسيير 07/05/2026 الطابق الثاني 25725   أ/4332ن6 25725 07/05/2026 07/05/2026 كتب Dewey Decimal Classification
      Available مكتبة كلية العلوم الإقتصادية والعلوم التجارية وعلوم التسيير مكتبة كلية العلوم الإقتصادية والعلوم التجارية وعلوم التسيير 07/05/2026 الطابق الثاني 25726   أ/4332ن7 25726 07/05/2026 07/05/2026 كتب Dewey Decimal Classification
      Available مكتبة كلية العلوم الإقتصادية والعلوم التجارية وعلوم التسيير مكتبة كلية العلوم الإقتصادية والعلوم التجارية وعلوم التسيير 07/05/2026 الطابق الثاني 25727   أ/4332ن8 25727 07/05/2026 07/05/2026 كتب Dewey Decimal Classification
      Available مكتبة كلية العلوم الإقتصادية والعلوم التجارية وعلوم التسيير مكتبة كلية العلوم الإقتصادية والعلوم التجارية وعلوم التسيير 07/05/2026 مكتبة بن عكنون 25728   أ/4332ن9 25728 07/05/2026 07/05/2026 كتب Dewey Decimal Classification

موارد الويب المفتوحة


© University of Algiers 3 All Rights Reserved
|
Implemented by LECHELAH Riad